000 00649nam a2200217Ia 4500
003 GCL
008 140319s9999 xx 000 0 ara d
040 _aGCL /
_cGCL
082 0 4 _a811.9
_bع ذ
100 1 _aعبدالقادر القط
245 1 0 _aذكريات شباب (شعر) /
_cعبدالقادر القط
260 _a[S.N] :
_bالهيئة المصرية العامة للكتاب ،
_c1987
300 _a200 ص
490 _a
650 0 4 _aالشعر العربى
650 0 4 _aالادب العربى
650 0 4 _aالعصر الحديث
650 0 4 _aتاريخ ونقد
650 0 4 _aالمجموعات
942 _2ddc
_cBK
999 _c28126
_d28126